Gaming Quiz

Random Gaming or Pokémon Quiz

Match Type to Pokemon -- Light (Clickable) Quiz Stats

 Plays Quiz not verified by Sporcle

Challenge
Share
Tweet
Embed
Score 0/25 Timer 07:00
0 Plays Today
% Correct
Charizard
83.3%
Jolteon
80.2%
Infernape
76.4%
Seel
76.2%
Darkrai
74.8%
Quagsire
73.6%
Steelix
72.9%
Bronzong
72.3%
Kabutops
72.2%
Groudon
70.7%
Camerupt
70.4%
Delibird
70.3%
Lunatone
69.2%
% Correct
Spheal
68%
Crobat
67%
Flygon
66.4%
Wobbuffet
65.8%
Heatmor
65.4%
Conkeldurr
64.5%
Gliscor
63.5%
Cryogonal
62%
Durant
58.5%
Bastiodon
57.4%
Scyther
56%
Whimsicott
51%

You're not logged in!

Compare scores with friends on all Sporcle quizzes.
OR
Log In

You Might Also Like...

Show Comments

Extras

Top Quizzes Today


Score Distribution

Your Account Isn't Verified!

In order to create a playlist on Sporcle, you need to verify the email address you used during registration. Go to your Sporcle Settings to finish the process.

Report this User

Report this user for behavior that violates our Community Guidelines.

Details: